Normal view
MARC view
Entry Topical Term
001 - CONTROL NUMBER
- control field: 4795
003 - CONTROL NUMBER IDENTIFIER
- control field: ARRUPE
005 - DATE AND TIME OF LATEST TRANSACTION
- control field: 20131203163801.0
008 - FIXED-LENGTH DATA ELEMENTS
- fixed length control field: 131203|| aca||aabn | a|a d
040 ## - CATALOGING SOURCE
- Original cataloging agency: ARRUPE
- Transcribing agency: ARRUPE
150 ## - HEADING--TOPICAL TERM
- Topical term or geographic name as entry element: Catholic doctrines
- General subdivision: Catholic church
- General subdivision: catechism
670 ## - SOURCE DATA FOUND
- Source citation: Work cat.: (ARRUPE): Conrad, Richard OP. 4794, The Catholic Faith, 1994